Minecraft Knowledge - Statistics

General Stats
  • This quiz has been taken 265 times
    259 since last reset
  • The average score is 13 of 15
Answer Stats
Hint Answer % Correct
What is the green monster that blows up? Creeper
100%
What is the default character's name? Steve
100%
What animal can you train with meat and bones? Wolf/Dog
98%
In hard mode, Zombies can break down what? Wooden Door
94%
What is the monster you have to defeat to "complete" the game? Ender Dragon
92%
What block is smelted to make glass? Sand
91%
What monster can ride a Spider? Skeleton
89%
What is the best metal/ore to make weapons or armour? Diamond
88%
An Enderman has what colour eyes? Purple/Violet
88%
What is the creator of Minecraft's nickname? Notch
86%
What is the cat that lives in the jungle called? Ocelot
86%
What block is the famous "logo" of Minecraft? Grass/Dirt
85%
What is the tool that helps you mine? Pickaxe
85%
What is the "electricity" in Minecraft? Redstone
75%
What animals do you get hides from? (Type either). Cow/Horse
5%
No matching quizzes found
Score Distribution
Percent of People with Each Score
Percentile by Number Answered
Your Score History
You have not taken this quiz since the last reset